00497nam a2200157Ia 4500008004100000041000800041082001500049100002000064245003400084250002200118260002800140300001100168650003100179999001900210952011000229231207s9999 xx 000 0 und d aeng a658.40/JAW aW. S. Jawadekar aManagement information System a2004, 2nd Edition bTata mc graw hill Delhi aPB/726 aComnputer Program Language c946393d946393 00104070aMIMbMIMd2023-12-08g250.00l0o658.40/JAWpMIM-MCA2186r2023-12-08 00:00:00w2023-12-08yBK